[Event "VEN-ch U18"]
[Site "San Antonio de los Altos"]
[Date "2016.04.01"]
[Round "1"]
[White "Abiad Parra, Carlos Jose"]
[Black "Colmenares Suarez, Jose Fabian"]
[Result "1-0"]
[WhiteElo "2023"]
[BlackElo "1868"]
[PlyCount "75"]
[EventDate "2016.04.01"]
[EventType "swiss"]
[EventRounds "7"]
[EventCountry "VEN"]
[SourceTitle "EXT 2018"]
[Source "ChessBase"]
[SourceDate "2017.10.13"]
[SourceVersion "1"]
[SourceVersionDate "2017.10.13"]
[SourceQuality "1"]

1. e4 d5 2. exd5 Qxd5 3. Nc3 Qa5 4. d4 Nf6 5. Nf3 Ne4 6. Bd2 Nxd2 7. Nxd2 c6 8. Nc4 Qc7 9. d5 b5 10. Ne3 b4 11. Ne2 c5 12. g3 a5 13. Bg2 Ra6 14. 0-0 g6 15. a3 Bg7 16. c3 0-0 17. axb4 axb4 18. Qb3 bxc3 19. Nxc3 Rb6 20. Qc2 Ba6 21. Rfc1 Rc8 22. Na4 Rb4 23. Bh3 f5 24. Nxf5 gxf5 25. Bxf5 Nd7 26. Bxh7+ Kh8 27. Qf5 Bb5 28. Qh3 Bxa4 29. Rxa4 Rxa4 30. Bf5+ Kg8 31. Bxd7 Bxb2 32. Re1 Ra1 33. Qg4+ Kh7 34. Bf5+ Kh8 35. Qh5+ Kg7 36. Qg6+ Kf8 37. Rxa1 Bxa1 38. Be6 1-0